[Event "Warsaw YMCA Winter-A 297th"]
[Site "Warsaw"]
[Date "2025.03.13"]
[Round "10"]
[White "Kwiecinski, Rafal"]
[Black "Kasperski, Marcin"]
[Result "1/2-1/2"]
[WhiteElo "1756"]
[BlackElo "1759"]
[PlyCount "115"]
[EventDate "2025.01.09"]
[EventType "tourn"]
[EventRounds "11"]
[EventCountry "POL"]
[SourceTitle "CB14_2025"]
[SourceDate "2024.11.01"]
[SourceVersion "1"]
[SourceVersionDate "2024.11.01"]
[SourceQuality "1"]

1. e4 d6 2. d4 Nf6 3. Bd3 g6 4. Ne2 Bg7 5. 0-0 0-0 6. c3 c6 7. Nd2 Nbd7 8. Kh1 e5 9. f3 d5 10. Nb3 dxe4 11. fxe4 Ng4 12. Qe1 exd4 13. cxd4 Nde5 14. Qg3 Nxd3 15. Qxd3 Qh4 16. Qg3 Qxg3 17. Nxg3 b6 18. h3 Nh6 19. Be3 f6 20. Rac1 Bb7 21. Nd2 Nf7 22. Nc4 Rad8 23. Rfd1 Nd6 24. Bf4 Nxc4 25. Rxc4 Rd7 26. Ra4 a6 27. Rb4 b5 28. Rb3 c5 29. d5 f5 30. exf5 Rxd5 31. Rxd5 Bxd5 32. Rd3 Bxa2 33. Ra3 Bb1 34. Rxa6 Bxb2 35. Bd6 Rc8 36. Rb6 Bd3 37. fxg6 hxg6 38. h4 Bd4 39. Bf4 Kf7 40. Kh2 b4 41. Kh3 Bc3 42. Bd6 c4 43. h5 gxh5 44. Nxh5 b3 45. Nf4 Bf5+ 46. g4 Be4 47. Ne2 Bf6 48. Ba3 Be5 49. g5 Ra8 50. Bc1 Bd3 51. Ng1 Ra1 52. Nf3 Bc3 53. Bf4 Ra5 54. Bd2 Bxd2 55. Nxd2 Ra2 56. Nxb3 Rb2 57. Rf6+ Kg7 58. Nd4 1/2-1/2

[Event "Warsaw YMCA Winter-A 297th"]
[Site "Warsaw"]
[Date "2025.02.20"]
[Round "7"]
[White "Kasperski, Marcin"]
[Black "Pasternak Winiarski, Adam"]
[Result "0-1"]
[WhiteElo "1759"]
[BlackElo "1770"]
[PlyCount "96"]
[EventDate "2025.01.09"]
[EventType "tourn"]
[EventRounds "11"]
[EventCountry "POL"]
[SourceTitle "CB14_2025"]
[SourceDate "2024.11.01"]
[SourceVersion "1"]
[SourceVersionDate "2024.11.01"]
[SourceQuality "1"]

1. e4 c5 2. f4 e6 3. Nf3 d5 4. e5 Qb6 5. Nc3 Bd7 6. a4 a6 7. d3 Nc6 8. Bd2 Rc8 9. f5 Nge7 10. fxe6 Bxe6 11. a5 Qc7 12. Be2 Ng6 13. 0-0 h6 14. Qe1 Ncxe5 15. Nxe5 Qxe5 16. Bf3 Rd8 17. Qf2 Be7 18. Rae1 Qd6 19. Rxe6 Qxe6 20. Re1 Qd7 21. Nxd5 0-0 22. Nxe7+ Nxe7 23. Qxc5 Nc6 24. Bc3 Rfe8 25. Rf1 Qe7 26. Qxe7 Rxe7 27. Be4 Nd4 28. Rf2 f5 29. Bxd4 fxe4 30. Bb6 exd3 31. Rd2 Rf8 32. h3 dxc2 33. Rxc2 Rd7 34. b4 Rf5 35. Bc5 h5 36. g3 Rfd5 37. Rc4 Rd2 38. Re4 Rc2 39. Rd4 Rxd4 40. Bxd4 g6 41. h4 Kf7 42. Bf2 Ke6 43. Bb6 Kf5 44. Bc5 Kg4 45. Bd6 Kf3 46. Be5 Rg2+ 47. Kf1 Re2 48. Bd6 Rd2 0-1

[Event "Warsaw YMCA Winter-A 297th"]
[Site "Warsaw"]
[Date "2025.01.31"]
[Round "4"]
[White "Malicka, Magdalena"]
[Black "Kasperski, Marcin"]
[Result "1-0"]
[WhiteElo "1720"]
[BlackElo "1759"]
[PlyCount "125"]
[EventDate "2025.01.09"]
[EventType "tourn"]
[EventRounds "11"]
[EventCountry "POL"]
[SourceTitle "CB14_2025"]
[SourceDate "2024.11.01"]
[SourceVersion "1"]
[SourceVersionDate "2024.11.01"]
[SourceQuality "1"]

1. e4 e6 2. d4 d5 3. e5 c5 4. c3 Nc6 5. Nf3 Bd7 6. Bd3 Rc8 7. dxc5 Bxc5 8. Nbd2 Nge7 9. Nb3 Bb6 10. 0-0 Ng6 11. Qe2 0-0 12. Nbd4 Bc7 13. Nxc6 bxc6 14. b4 a5 15. a4 Ra8 16. b5 h6 17. Bxg6 fxg6 18. bxc6 Bxc6 19. Nd4 Qd7 20. Qg4 Bxe5 21. Qxg6 Rf6 22. Qg4 Re8 23. Bd2 Bc7 24. Nxc6 Qxc6 25. c4 Qd6 26. g3 d4 27. Qh5 Ra8 28. Rab1 Qc6 29. Rb5 e5 30. Qe2 Rf3 31. Rc5 Qxc5 32. Qxf3 Rf8 33. Qd5+ Qxd5 34. cxd5 Ra8 35. Rc1 Bd6 36. Rc4 Kf7 37. Kg2 Ra7 38. f4 exf4 39. gxf4 Rc7 40. Rxc7+ Bxc7 41. Kf3 Bb6 42. Ke4 g6 43. Bc1 h5 44. Bb2 Bc5 45. Bxd4 Bb4 46. Kd3 Ke7 47. Bc3 Bd6 48. Ke4 Bc7 49. Be5 Bb6 50. Bd4 Bc7 51. Bc5+ Kd7 52. h3 Bd8 53. Ke5 Bc7+ 54. d6 Bd8 55. Bf2 g5 56. f5 g4 57. h4 Kc6 58. Ke6 g3 59. Bxg3 Kc5 60. f6 Bxf6 61. Kxf6 Kb4 62. d7 Kxa4 63. d8Q 1-0

[Event "Warsaw YMCA Spring-B 287th"]
[Site "Warsaw"]
[Date "2024.05.24"]
[Round "5"]
[White "Sypula, Krzysztof"]
[Black "Kasperski, Marcin"]
[Result "1-0"]
[WhiteElo "1758"]
[BlackElo "1766"]
[PlyCount "117"]
[EventDate "2024.04.11"]
[EventType "tourn"]
[EventRounds "11"]
[EventCountry "POL"]
[SourceTitle "EXT 2025"]
[Source "ChessBase"]
[SourceDate "2024.10.14"]
[SourceVersion "1"]
[SourceVersionDate "2024.10.14"]
[SourceQuality "1"]

1. d4 d5 2. Nf3 e6 3. g3 f5 4. Bg2 Nf6 5. Bg5 Be7 6. 0-0 Nbd7 7. Nbd2 0-0 8. c4 c6 9. Qc2 h6 10. Bxf6 Bxf6 11. cxd5 exd5 12. Qxf5 Ne5 13. Qc2 Nxf3+ 14. Nxf3 Bg4 15. Rad1 Qb6 16. Qd2 Rae8 17. h3 Bf5 18. e3 Be4 19. Ne1 Bg6 20. Qc3 Kh8 21. Nd3 Qc7 22. Nf4 Bf7 23. Nxd5 Bxd5 24. Bxd5 Rc8 25. Be6 Rce8 26. Bg4 Qf7 27. b3 h5 28. Be2 h4 29. g4 Bg5 30. f4 Qc7 31. Qd3 Bd8 32. Rf3 Qa5 33. Qg6 b5 34. Bd3 Kg8 35. Qh7+ Kf7 36. Bg6+ Ke7 37. Bxe8 Kxe8 38. Qxg7 Qxa2 39. Qg6+ Kd7 40. d5 Bf6 41. dxc6+ Kxc6 42. g5 Qxb3 43. Qe4+ Kb6 44. Rd6+ Ka5 45. Rxf6 Rc8 46. Rf1 Rc4 47. Ra1+ Ra4 48. Rxa4+ bxa4 49. Qe5+ Kb4 50. Qd4+ Ka3 51. Qa1+ Kb4 52. Qd4+ Ka3 53. Rc6 Qb1+ 54. Kf2 a5 55. Rc3+ Qb3 56. g6 Ka2 57. Rxb3 axb3 58. Qa4+ Kb2 59. g7 1-0

[Event "Warsaw YMCA Winter-B 283rd"]
[Site "Warsaw"]
[Date "2024.02.08"]
[Round "5"]
[White "Jaroszuk, Marcin"]
[Black "Kasperski, Marcin"]
[Result "1-0"]
[WhiteElo "1529"]
[BlackElo "1636"]
[PlyCount "114"]
[EventDate "2024.01.11"]
[EventType "tourn"]
[EventRounds "11"]
[EventCountry "POL"]
[SourceTitle "EXT 2025"]
[Source "ChessBase"]
[SourceDate "2024.10.14"]
[SourceVersion "1"]
[SourceVersionDate "2024.10.14"]
[SourceQuality "1"]

1. d4 Nf6 2. Nf3 g6 3. c4 d5 4. g3 Bg7 5. Bg2 0-0 6. 0-0 c6 7. cxd5 Nxd5 8. e4 Nc7 9. Nc3 Bg4 10. Be3 Qc8 11. Qb3 Nd7 12. Rac1 Bxf3 13. Bxf3 Ne6 14. Rfd1 Rd8 15. Ne2 Nef8 16. h4 Qc7 17. h5 Qb6 18. hxg6 Nxg6 19. Kg2 Qxb3 20. axb3 a5 21. Nc3 Rac8 22. Na4 e6 23. Rc2 Bf8 24. Bg5 f6 25. Bd2 b5 26. Bxa5 bxa4 27. Bxd8 axb3 28. Rc3 Rxd8 29. Bg4 f5 30. exf5 Nf6 31. fxg6 Nxg4 32. gxh7+ Kxh7 33. Rxb3 e5 34. Rh1+ Kg6 35. f3 exd4 36. fxg4 c5 37. Rb6+ Bd6 38. Rh5 Kg7 39. Rd5 Be7 40. Rxd8 Bxd8 41. Rc6 Be7 42. Kf3 Kf7 43. Ke4 Ke8 44. b3 Kd7 45. Ra6 Bd6 46. Ra7+ Ke6 47. Ra6 Kd7 48. Kd5 Bxg3 49. Kxc5 d3 50. Ra1 Bf4 51. Rd1 d2 52. b4 Kc7 53. Kc4 Kc6 54. Kd3 Kb5 55. Rxd2 Kxb4 56. Rc2 Kb3 57. Rc8 Kb4 1-0

[Event "Warsaw YMCA Winter-B 283rd"]
[Site "Warsaw"]
[Date "2024.01.17"]
[Round "2"]
[White "Mlynarski, Zbigniew"]
[Black "Kasperski, Marcin"]
[Result "1-0"]
[WhiteElo "1584"]
[BlackElo "1636"]
[PlyCount "51"]
[EventDate "2024.01.11"]
[EventType "tourn"]
[EventRounds "11"]
[EventCountry "POL"]
[SourceTitle "EXT 2025"]
[Source "ChessBase"]
[SourceDate "2024.10.14"]
[SourceVersion "1"]
[SourceVersionDate "2024.10.14"]
[SourceQuality "1"]

1. e4 c5 2. Nf3 Nc6 3. Bc4 Nf6 4. Qe2 d6 5. 0-0 g6 6. d3 Bg7 7. Bd2 0-0 8. Nc3 Nd4 9. Nxd4 cxd4 10. Nd5 Nxd5 11. Bxd5 Qb6 12. Bb3 a5 13. a4 Bd7 14. Bg5 e5 15. f4 Be6 16. Bxe6 fxe6 17. Qg4 d5 18. fxe5 dxe4 19. Qxe4 Qxb2 20. Bf6 Rab8 21. Rab1 Qxc2 22. Rxb7 Rxb7 23. Qxb7 Rf7 24. Qa8+ Bf8 25. Qa6 Qxd3 26. Qxd3 1-0

[Event "Warsaw YMCA Autumn-B 279th"]
[Site "Warsaw"]
[Date "2023.11.03"]
[Round "7"]
[White "Bartczak, Hanna"]
[Black "Kasperski, Marcin"]
[Result "1/2-1/2"]
[WhiteElo "1482"]
[BlackElo "1655"]
[PlyCount "134"]
[EventDate "2023.09.21"]
[EventType "tourn"]
[EventRounds "13"]
[EventCountry "POL"]
[SourceTitle "EXT 2025"]
[Source "ChessBase"]
[SourceDate "2024.10.14"]
[SourceVersion "1"]
[SourceVersionDate "2024.10.14"]
[SourceQuality "1"]

1. d4 b5 2. Bf4 Bb7 3. e3 Nf6 4. Nf3 a6 5. h3 e6 6. Bd3 c5 7. c3 Nc6 8. 0-0 cxd4 9. exd4 Be7 10. Nbd2 Nd5 11. Bg3 f5 12. Ne5 Nxe5 13. Bxe5 0-0 14. Bg3 Rc8 15. a4 b4 16. c4 Nf6 17. Qe2 Qe8 18. c5 Qg6 19. Bxa6 Bd5 20. Bc4 f4 21. Bxd5 Nxd5 22. Bh2 Qc2 23. b3 f3 24. Qd1 Qxd1 25. Rfxd1 Nc3 26. Re1 Ne2+ 27. Rxe2 fxe2 28. Ne4 Bf6 29. Nxf6+ gxf6 30. Bd6 Rfe8 31. f3 e5 32. d5 e4 33. f4 Kf7 34. Re1 Rg8 35. Rxe2 f5 36. Kf2 h5 37. Rc2 Rg6 38. Ra2 h4 39. a5 Rg3 40. a6 Rxb3 41. a7 Ra8 42. Bb8 Rc3 43. Rb2 b3 44. Ke2 Rxc5 45. Rxb3 Rxd5 46. g4 hxg3 47. Rxg3 Ra5 48. Rg5 Ke6 49. Rg6+ Kf7 50. Rg5 Kf6 51. h4 R8xa7 52. Bxa7 Rxa7 53. h5 Ra2+ 54. Ke3 Ra3+ 55. Kd4 Rd3+ 56. Kc5 Rf3 57. Rg6+ Kf7 58. Kd6 Rxf4 59. Ke5 Rf3 60. Rd6 e3 61. Rxd7+ Ke8 62. Ke6 Rf4 63. h6 Rh4 64. Rh7 Kd8 65. Kd6 Ke8 66. Ke6 Kd8 67. Kd6 Ke8 1/2-1/2

[Event "Warsaw YMCA Autumn-B 279th"]
[Site "Warsaw"]
[Date "2023.10.26"]
[Round "6"]
[White "Kasperski, Marcin"]
[Black "Szukalski, Antoni"]
[Result "1-0"]
[WhiteElo "1655"]
[BlackElo "1664"]
[PlyCount "70"]
[EventDate "2023.09.21"]
[EventType "tourn"]
[EventRounds "13"]
[EventCountry "POL"]
[SourceTitle "EXT 2025"]
[Source "ChessBase"]
[SourceDate "2024.10.14"]
[SourceVersion "1"]
[SourceVersionDate "2024.10.14"]
[SourceQuality "1"]

1. f4 d5 2. Nf3 Nf6 3. e3 c5 4. b3 Bg4 5. Bb2 e6 6. Bb5+ Nc6 7. h3 Bxf3 8. Qxf3 Rc8 9. Nc3 a6 10. Bxc6+ Rxc6 11. 0-0-0 c4 12. Kb1 cxb3 13. cxb3 b5 14. g4 Qc7 15. g5 Nd7 16. f5 Nb6 17. fxe6 fxe6 18. Rhf1 Bd6 19. Qh5+ g6 20. Qg4 Rf8 21. Qxe6+ Be7 22. Rxf8+ Kxf8 23. Rf1+ Ke8 24. Qg8+ Kd7 25. Nxd5 Nxd5 26. Qxd5+ Rd6 27. Qg2 Qc5 28. h4 Qb4 29. d4 a5 30. Qh3+ Kd8 31. Rc1 Rd7 32. Qe6 a4 33. Bc3 Qa3 34. Ba5+ Ke8 35. Rc8+ Rd8 1-0

[Event "Warsaw YMCA Autumn-B 279th"]
[Site "Warsaw"]
[Date "2023.10.23"]
[Round "8"]
[White "Kasperski, Marcin"]
[Black "Sypula, Krzysztof"]
[Result "0-1"]
[WhiteElo "1655"]
[BlackElo "1686"]
[PlyCount "102"]
[EventDate "2023.09.21"]
[EventType "tourn"]
[EventRounds "13"]
[EventCountry "POL"]
[SourceTitle "EXT 2025"]
[Source "ChessBase"]
[SourceDate "2024.10.14"]
[SourceVersion "1"]
[SourceVersionDate "2024.10.14"]
[SourceQuality "1"]

1. f4 d5 2. Nf3 g6 3. e3 Bg7 4. d4 Nh6 5. c4 0-0 6. Nc3 c6 7. Qb3 dxc4 8. Bxc4 Nd7 9. 0-0 b5 10. Be2 a6 11. Ne4 Qb6 12. a4 Nf5 13. Ne5 Nd6 14. Nxd7 Bxd7 15. Nc5 Rfd8 16. Bf3 Be8 17. a5 Qa7 18. Qc2 Nf5 19. Kh1 Rac8 20. Bd2 e6 21. Bb4 Nxe3 22. Qb3 Nxf1 23. Rxf1 Rxd4 24. Ne4 c5 25. Bc3 Rd3 26. Qc2 c4 27. Nf6+ Kh8 28. Be5 Qe7 29. Ng4 f6 30. Bc3 b4 31. Be1 Bb5 32. Be2 Rb3 33. Bf2 h5 34. Ne3 f5 35. Rb1 Qc7 36. g3 Bc6+ 37. Kg1 Rxe3 38. Bxe3 Be4 39. Qc1 Bxb1 40. Qxb1 Qxa5 41. Qf1 Qa2 42. Bc1 Bd4+ 43. Kg2 Bxb2 44. Be3 Bf6 45. Kh3 Qc2 46. Bd1 Qe4 47. Qf2 b3 48. Bf3 Qc2 49. Qe1 b2 50. Bb6 b1Q 51. Qxe6 Qf1+ 0-1

[Event "Warsaw YMCA Autumn-B 279th"]
[Site "Warsaw"]
[Date "2023.10.17"]
[Round "5"]
[White "Gozdzikowski, Franciszek"]
[Black "Kasperski, Marcin"]
[Result "1-0"]
[WhiteElo "1516"]
[BlackElo "1655"]
[PlyCount "53"]
[EventDate "2023.09.21"]
[EventType "tourn"]
[EventRounds "13"]
[EventCountry "POL"]
[SourceTitle "EXT 2025"]
[Source "ChessBase"]
[SourceDate "2024.10.14"]
[SourceVersion "1"]
[SourceVersionDate "2024.10.14"]
[SourceQuality "1"]

1. e4 c5 2. Nf3 Nc6 3. d4 cxd4 4. Nxd4 Nf6 5. Nc3 e5 6. Ndb5 d6 7. Nd5 Nxd5 8. exd5 Nb8 9. c4 Be7 10. c5 a6 11. cxd6 Bxd6 12. Nxd6+ Qxd6 13. Bd3 0-0 14. 0-0 Rd8 15. Bg5 f6 16. Bh4 Qxd5 17. Bc4 Qxc4 18. Qxd8+ Kf7 19. Rac1 Qxf1+ 20. Kxf1 Nc6 21. Qc7+ Ne7 22. f4 Be6 23. Qd6 Re8 24. Rc7 exf4 25. Be1 a5 26. Bxa5 Kg6 27. Qxe6 1-0